000 00354nam a2200157Ia 4500
003 Ost
005 20260225132558.0
008 260225s9999||||xx |||||||||||||| ||und||
040 _cfsic
041 _afre
082 _a302.23
100 _aAfroun Mahrez
_eAuteur
245 0 _aMémoire d'autre tombe T3 /
245 0 _cAfroun Mahrez
942 _cكتاب
999 _c34570
_d34570